002880000a2200133000450000500170000010000180001724500130003525000090004826000360005730000090009304000080010236500110011065000330012120120302064143.0 a Ramdas swami a Atmaram a 5th aSatara:Shrisamartha seva mandal a58p. aMar b2.50/- aAtmaram (Artha-Vivaranasaha)